Most Popular Perfume Brands - Statistics

General Stats
  • This quiz has been taken 452 times
  • The average score is 7 of 15
Answer Stats
Hint Answer % Correct
D Dior
92%
Y Yves Saint Laurent
72%
C Chanel
67%
V Versace
54%
T Tom Ford
47%
G Giorgio Armani
46%
X Xerjoff
46%
P Prada
45%
J Jean Paul Gaultier
44%
D Dolce & Gabbana
37%
G Givenchy
31%
P Parfums de Marly
24%
G Guerlain
23%
Z Zara
16%
M Mancera
15%
No matching quizzes found
Score Distribution
Percent of People with Each Score
Percentile by Number Answered
Your Score History
You have not taken this quiz